000 00857nam a2200265 i 4500
003 DO-SdBNP
005 20250120110508.0
007 ta
008 240315s2023 dr 000 0 spa d
020 _a9789945186543
040 _aDO-SdBNP
_bspa
_cBNPHU
_erda
082 4 _bS237
_222
100 1 _aSantos, Rafael,
_d1968-
_943510
245 1 0 _aTransfuguismo político /
_cRafael Santos ; presentación John Garrido
264 _aSanto Domingo :
_bSantuario,
_bSoto Castillo.
_c2023.
300 _a179 páginas
_c24 cm.
336 _2rdacontent
_atexto
_btxt
337 _2rdamedia
_asin mediación
_bn
338 _2rdacarrier
_avolumen
_bnc
500 _aIncluye datos biográficos del autor en la solapa de la portada.
590 _aInventariado, 2024/ YL
700 1 _aGarrido, John
_epresentación
_984660
910 _aYLockward
942 _2ddc
_cLBS1
999 _c56125
_d56125